000 00386nam a2200145Ia 4500
008 231129s1999||||xx |||||||||||||| ||spa||
020 _a958-30-0587-8
040 _bspa
082 _a611.71 R481e
100 _aRius Cornadó X
245 0 _aEl esqueleto: el aparato respiratorio
260 _c1999
264 _aPanamericana
942 _2ddc
_cBKS
999 _c11020
_d11020